| 000 | 00803nam a2200241 a 4500 | ||
|---|---|---|---|
| 001 | 33879 | ||
| 003 | BD-RjUL | ||
| 005 | 20211209052055.0 | ||
| 008 | 930916s1954 enk 000 0 eng d | ||
| 035 | _a(BD-RjUL)33971 | ||
| 040 |
_aUkOxU _beng _cUkOxU _dBD-RjUL |
||
| 041 | _aeng | ||
| 082 | 0 | 4 |
_a301.32 _bBOP 1955 |
| 100 | 1 |
_aBowen, Ian, _d1908- _9102920 |
|
| 245 | 1 | 0 |
_aPopulation / _cby Ian Bowen ; with an introduction by C. W. Guillebaud. |
| 260 |
_aLondon : _bJames Nisbet ; _aCambridge : _bCambridge University Press, _cc1954 [Reprinted 1955]. |
||
| 300 |
_a256 p. ; _c18 cm. |
||
| 504 | _aBibliography p. 249-256. | ||
| 650 | 7 |
_aPopulation. _9102921 |
|
| 700 | 1 |
_aGuillebaud, C. W. _q(Claude William), _d1890-1971. _916977 |
|
| 830 | 0 |
_aCambridge economic handbooks. _9102923 |
|
| 942 |
_2ddc _cBK |
||
| 999 |
_c33879 _d33879 |
||